000 00887cam a22002174a 4500
005 20250605164231.0
008 250528s ||||||||||||||||||||||||d
035 _a20978
020 _a9780138153274
040 _aGR-AtMCL
_bgre
_dGR-AtMCL
_eAACR2
245 1 _aUnderstanding Financial Statements / Ninth Edition
250 _a9th
260 _bPearson,
_c2010
300 _a270
520 _aThis book informs students of the ever-changing world in a broad variety of disciplines. Preface, Acknowledgements, Financial Statements: An Overview, The Balance Sheet, Income Statement and Statement of Stockholders' Equity, Statement of Cash Flows, A Guide to Earnings and Financial Reporting Quality, The Analysis of Financial Statements, Appendices, Index.
700 1 _aFraser M.Lyn
_9898
700 1 _aOrmiston Aileen
_96979
942 _cBK
999 _c6055
_d6055